The green building bible / (Record no. 355796)

000 -LEADER
fixed length control field 01493cam a22003857a 4500
001 - CONTROL NUMBER
control field 15533196
003 - CONTROL NUMBER IDENTIFIER
control field USPCAS-E
005 - DATE AND TIME OF LATEST TRANSACTION
control field 20180118181414.0
008 - FIXED-LENGTH DATA ELEMENTS--GENERAL INFORMATION
fixed length control field 081124s2008 enka b 001 0 eng d
010 ## - LIBRARY OF CONGRESS CONTROL NUMBER
LC control number 2008472390
020 ## - INTERNATIONAL STANDARD BOOK NUMBER
International Standard Book Number 9781898130055 (v.1)
020 ## - INTERNATIONAL STANDARD BOOK NUMBER
International Standard Book Number 1898130051 (v.1)
020 ## - INTERNATIONAL STANDARD BOOK NUMBER
International Standard Book Number 9781898130062 (v.2)
020 ## - INTERNATIONAL STANDARD BOOK NUMBER
International Standard Book Number 189813006X (v.2)
035 ## - SYSTEM CONTROL NUMBER
System control number (OCoLC)ocn245452776
040 ## - CATALOGING SOURCE
Original cataloging agency SISPL
Transcribing agency SISPL
Modifying agency SISPL
-- XVF
-- DLC
042 ## - AUTHENTICATION CODE
Authentication code lccopycat
050 00 - LIBRARY OF CONGRESS CALL NUMBER
Classification number TH880
Item number .G7425 2008
082 00 - DEWEY DECIMAL CLASSIFICATION NUMBER
Classification number 690.8047
Edition number 22
Author Mark GRE 2008
245 04 - TITLE STATEMENT
Title The green building bible /
Statement of responsibility, etc. editor, Keith Hall.
250 ## - EDITION STATEMENT
Edition statement 4th ed.
260 ## - PUBLICATION, DISTRIBUTION, ETC.
Place of publication, distribution, etc. Llandysul :
Name of publisher, distributor, etc. Green Building Press,
Date of publication, distribution, etc. [2008]
300 ## - PHYSICAL DESCRIPTION
Extent 2 v. :
Other physical details ill. (chiefly col.) ;
Dimensions 25 cm.
500 ## - GENERAL NOTE
General note Vol. 2: Principal author, Richard Nicholls.
502 ## - DISSERTATION NOTE
Dissertation note 0
504 ## - BIBLIOGRAPHY, ETC. NOTE
Bibliography, etc. note Includes bibliographical references and index.
505 0# - FORMATTED CONTENTS NOTE
Formatted contents note v. 1. Essential information to help you make your home, buildings and outdoor areas less harmful to the environment, the community and your family -- v. 2. The low energy design technical reference.
650 #0 - SUBJECT ADDED ENTRY--TOPICAL TERM
Topical term or geographic name entry element Sustainable buildings
General subdivision Design and construction.
650 #0 - SUBJECT ADDED ENTRY--TOPICAL TERM
Topical term or geographic name entry element Buildings
General subdivision Environmental aspects.
700 1# - ADDED ENTRY--PERSONAL NAME
Personal name Hall, Keith,
Dates associated with a name 1958-
700 1# - ADDED ENTRY--PERSONAL NAME
Personal name Nicholls, Richard,
Dates associated with a name 1959-
906 ## - LOCAL DATA ELEMENT F, LDF (RLIN)
a 7
b cbc
c copycat
d 2
e ncip
f 20
g y-gencatlg
942 ## - ADDED ENTRY ELEMENTS (KOHA)
Source of classification or shelving scheme
Koha item type Book
Holdings
Withdrawn status Lost status Source of classification or shelving scheme Damaged status Not for loan Collection code Permanent Location Current Location Shelving location Date acquired Source of acquisition Cost, normal purchase price Total Checkouts Full call number Barcode Date last seen Price effective from Koha item type Copy number
            US-Pakistan Center for Advanced Studies in Energy (USPCAS-E) US-Pakistan Center for Advanced Studies in Energy (USPCAS-E)   12/22/2015 Iqra 1323.00   690.8047 GRE 2008 CAS-E0001103 12/22/2015 12/22/2015 Book  
            US-Pakistan Center for Advanced Studies in Energy (USPCAS-E) US-Pakistan Center for Advanced Studies in Energy (USPCAS-E)   12/22/2015 Iqra 1323.00   690.8047 GRE 2008 CAS-E0001104 12/22/2015 12/22/2015 Book 2
© 2023 Central Library, National University of Sciences and Technology. All Rights Reserved.